000 00446ntaaa2200193 4500
003 01
005 20251027201813.0
008 0714s1973 ag 01
040 _aAR-BaBN
_bspa
_cAR-BaBN
_eaacr
_dRIC
082 _a242.2000 W46
245 _aThe cheer book
250 _a1 ed.
260 _as.l.,
_cs.f.
300 _a201 p
500 _aPara las devociones diarias
650 _alecturas diarias
700 _aWells, Amos
_916450
942 _cBK
999 _c12691
_d12691